| 000 | 00665cam a22002531 4500 | ||
|---|---|---|---|
| 001 | sa 65006660 | ||
| 003 | DLC | ||
| 005 | 20260227112143.0 | ||
| 008 | 890615s1965 ii c b 000 0 hino | ||
| 010 | _asa 65006660 | ||
| 035 | _a(OCoLC)19876974 | ||
| 040 |
_aDLC _cWaU _dDLC |
||
| 042 | _apremarc | ||
| 043 | _aa-ii--- | ||
| 050 | 0 | 0 |
_aPK2098.T7 _bZ57 |
| 100 | 1 | _aBhatnagar, Ram Ratan. | |
| 245 | 1 | 0 | _aNirālā aura navajāgaraṇa. |
| 260 | _c[1965] | ||
| 300 |
_a4, 487 p. _bports. _c23 cm. |
||
| 500 | _aIn Hindi. | ||
| 504 | _aBibliographical footnotes. | ||
| 600 | 1 | 0 |
_aTripāṭhī, Sūryakānta, _d1896-1961. |
| 651 | 0 |
_aIndia _xIntellectual life. |
|
| 999 |
_c64766 _d64766 |
||